All TF2 Sniper Weapons - Statistics

General Stats
  • This quiz has been taken 10 times
  • The average score is 17 of 21
Answer Stats
Weapon Slot Weapon % Correct
Primary Huntsman
100%
Secondary Jarate
100%
Primary Sniper Rifle
100%
Primary Sydney Sleeper
100%
Melee Bushwacka
88%
Primary Classic
88%
Melee Kukri
88%
Primary Machina
88%
Secondary Razorback
88%
Secondary SMG
88%
Melee Tribalman's Shiv
88%
Primary AWPer Hand
75%
Primary Bazaar Bargain
75%
Secondary Cleaner's Carbine
75%
Secondary Cozy Camper
75%
Secondary Darwin's Danger Shield
75%
Primary Fortified Compound
63%
Primary Hitman's Heatmaker
63%
Secondary Self-Aware Beauty Mark
63%
Melee Shahanshah
63%
Primary Shooting Star
63%
No matching quizzes found
Score Distribution
Percent of People with Each Score
Percentile by Number Answered
Your Score History
You have not taken this quiz